• 首页
  • 本馆介绍
  • 公告通知
  • 最新文献
  • 馆藏检索
  • 电子资源
  • 读者导购
  • 参考咨询
  • 我的图书馆
  • 登录
  • 详细信息显示
  • 放入我的书架
  • 预约/预借图书
  • 作者相关作品
  • 分类相关作品
  • 丛书相关作品
  • 出版社相关作品

书目信息

  • 表格格式
  • 工作单格式
  • 卡片格式
题名:
村民组织选举法律法规
    
 
作者: 魏光朴 主编
分册:  
出版信息: 汕头   汕头大学出版社  2017.12
页数: 288页
开本: 22cm
丛书名: 基层民主选举法律法规学习读本
单 册:
中图分类: D921.2
科图分类:
主题词: 村民委员会--选举法--基本知识--中国
电子资源:
ISBN: 978-7-5658-3239-0
000 00999oam2 2200253 45
001 012001002988
005 20140926114740.0
010    @a978-7-5658-3239-0@dCNY29.80
100    @a20171218d2017 em y0chiy0110 ea
101 0  @achi
102    @aCN@b440000
105    @ay z 000yy
106    @ar
200 1  @a村民组织选举法律法规@9cun min zu zhi xuan ju fa lv fa gui@f魏光朴主编
210    @a汕头@c汕头大学出版社@d2017.12
215    @a288页@d22cm
225 2  @a基层民主选举法律法规学习读本
330    @a本作品包括了广大人民群众应知应懂、实际实用的有关村民委员会组织选举的法律法规,同时附录还列举了相应的实施细则、政策制度、应用表格等内容,用以配套辅导学习。本套作品共计2册,本册包括《中华人民共和国村民委员会组织法》《村民委员会选举规程》等法律法规内容。
461  0 @12001 @a基层民主选举法律法规学习读本
606 0  @a村民委员会@x选举法@x基本知识@y中国
690    @aD921.2@v5
701  0 @a魏光朴@9wei guang pu@4主编
801  0 @aCN@b上海新华@c20180901
905    @b1161880-4@dD921.2@e1952@f5
    
    村民组织选举法律法规/魏光朴主编.-汕头:汕头大学出版社,2017.12
    288页;22cm.-(基层民主选举法律法规学习读本)
    
    
    ISBN 978-7-5658-3239-0:CNY29.80
    本作品包括了广大人民群众应知应懂、实际实用的有关村民委员会组织选举的法律法规,同时附录还列举了相应的实施细则、政策制度、应用表格等内容,用以配套辅导学习。本套作品共计2册,本册包括《中华人民共和国村民委员会组织法》《村民委员会选举规程》等法律法规内容。
●
相关链接 在E读中查询图书 在五车中查询图书 在当当中查询图书 在豆瓣中查询图书


正题名:村民组织选举法律法规     索取号:D921.2/1952         预约/预借

序号 登录号 条形码 馆藏地/架位号 状态 备注
1 1161880   211618800   第一样本阅览室/ [索取号:D921.2/1952] 在馆    
2 1161881   211618819   密集书库-史法系/ [索取号:D921.2/1952] 在馆    
3 1161882   211618828   第一借阅区/ [索取号:D921.2/1952] 在馆    
4 1161883   211618837   第一借阅区/ [索取号:D921.2/1952] 在馆    
5 1161884   211618846   第一借阅区/ [索取号:D921.2/1952] 在馆    
唐山师范学院图书馆 欢迎您!
大连网信软件有限公司© 版权所有